| 000 | 00786nas a2200253 4500 | ||
|---|---|---|---|
| 001 | BR9705449 | ||
| 003 | BR-BrBNA | ||
| 005 | 20231205100638.0 | ||
| 007 | ta | ||
| 008 | 230509b bl.|||p| |||| 00| 00por d | ||
| 040 |
_aBR-BrBNA _bpor _cBiblioteca Nacional de Agricultura |
||
| 041 | _a(Pt) | ||
| 072 | _aH10 | ||
| 100 | 1 | _aAvila, C.J. | |
| 245 | 1 | _aEfeito de inseticidas em dosagens isoladas ou em mistura com sal de cozinha (Na Cl)sobre predadores de insetos-pragas da soja | |
| 650 | _aSoja | ||
| 650 | _aInseto | ||
| 650 | _aPredador | ||
| 650 | _aControle Biologico | ||
| 650 | _aInseticida | ||
| 773 | 0 |
_tRevista de Agricultura (Brazil) _xISSN 0034-7655 _g(Sep 1997), v. 72(2) p. 219-232 _wBR9705449 |
|
| 909 |
_a202311 _bLúcia _c55 _dLúcia Elande |
||
| 942 |
_2AGRIS _n0 _cANA |
||
| 999 |
_c157204 _d157204 |
||